Laboratory atlas of anatomy and physiology / (Record no. 39192)
[ view plain ]
| 000 -LEADER | |
|---|---|
| fixed length control field | 00751cam a22002414a 4500 |
| 001 - CONTROL NUMBER | |
| control field | 13031053 |
| 005 - DATE AND TIME OF LATEST TRANSACTION | |
| control field | 20171220034030.0 |
| 008 - FIXED-LENGTH DATA ELEMENTS--GENERAL INFORMATION | |
| fixed length control field | 021216s2004 maua 001 0 eng |
| 010 ## - LIBRARY OF CONGRESS CONTROL NUMBER | |
| LC control number | 2002155909 |
| 020 ## - INTERNATIONAL STANDARD BOOK NUMBER | |
| International Standard Book Number | 007243810X (hbk : alk. paper) |
| 040 ## - CATALOGING SOURCE | |
| Original cataloging agency | DLC |
| Transcribing agency | DLC |
| Modifying agency | DLC |
| 041 ## - LANGUAGE CODE | |
| Language code of text/sound track or separate title | eng |
| 042 ## - AUTHENTICATION CODE | |
| Authentication code | pcc |
| 080 ## - UNIVERSAL DECIMAL CLASSIFICATION NUMBER | |
| Universal Decimal Classification number | 611 EDE |
| 082 00 - DEWEY DECIMAL CLASSIFICATION NUMBER | |
| Classification number | 611 EDE |
| Edition number | 21 |
| 100 ## - Rafti | |
| Rafti | 7 |
| 101 ## - Shkurtesa | |
| Shkurtesa | ANA |
| 245 00 - TITLE STATEMENT | |
| Title | Laboratory atlas of anatomy and physiology / |
| Statement of responsibility, etc | Douglas J. Eder, Shari Lewis Kaminsky, John W. Bertram [editors]. |
| 246 30 - VARYING FORM OF TITLE | |
| Title proper/short title | Anatomy and physiology |
| 906 ## - LOCAL DATA ELEMENT F, LDF (RLIN) | |
| a | 7 |
| b | cbc |
| c | orignew |
| d | 1 |
| e | ecip |
| f | 20 |
| g | y-gencatlg |
| 942 ## - ADDED ENTRY ELEMENTS (KOHA) | |
| Source of classification or shelving scheme | |
| Item type | Books |
No items available.